Online
Catalog

Historia de Monte Plata / (Record no. 27343)

MARC details
000 -CABECERA
campo de control de longitud fija 01223nam a2200325 i 4500
001 - NÚMERO DE CONTROL
campo de control 000027851
003 - IDENTIFICADOR DEL NÚMERO DE CONTROL
campo de control OSt
005 - FECHA Y HORA DE LA ÚLTIMA TRANSACCIÓN
campo de control 20250623122826.0
007 - CAMPO FIJO DE DESCRIPCIÓN FÍSICA--INFORMACIÓN GENERAL
campo de control de longitud fija ta
008 - DATOS DE LONGITUD FIJA--INFORMACIÓN GENERAL
campo de control de longitud fija 100118s19uu dr 000 0 spa d
040 ## - FUENTE DE LA CATALOGACIÓN
Centro catalogador/agencia de origen DO-SdBNP
Lengua de catalogación spa
Centro/agencia transcriptor BNPHU
Normas de descripción rda
041 ## - CÓDIGO DE LENGUA
Código de lengua del texto/banda sonora o título independiente spa
049 ## - FONDOS LOCALES (OCLC)
Fondos de biblioteca BNPD
082 04 - NÚMERO DE LA CLASIFICACIÓN DECIMAL DEWEY
Número de clasificación 972.9377
Número de documento/Ítem M738h
Número de edición 22
100 1# - ENTRADA PRINCIPAL--NOMBRE DE PERSONA
Nombre de persona Monclús, Miguel Ángel,
Fechas asociadas al nombre 1893-1967
Término indicativo de función/relación autor
Código de función/relación aut.
9 (RLIN) 33192
245 10 - MENCIÓN DE TÍTULO
Título Historia de Monte Plata /
Mención de responsabilidad, etc. Miguel Ángel Monclús.
264 ## - PRODUCCIÓN, PUBLICACIÓN, DISTRIBUCIÓN, FABRICACIÓN Y COPYRIGHT
Producción, publicación, distribución, fabricación y copyright Santiago, República Dominicana :
Nombre del de productor, editor, distribuidor, fabricante Editorial El Diario,
Fecha de producción, publicación, distribución, fabricación o copyright [194-?].
300 ## - DESCRIPCIÓN FÍSICA
Extensión 166 páginas ;
Dimensiones 20 cm.
336 ## - TIPO DE CONTENIDO
Término de tipo de contenido texto
Código de tipo de contenido txt
Fuente rdacontent
337 ## - TIPO DE MEDIO
Nombre/término del tipo de medio sin mediación
Código del tipo de medio n
Fuente rdamedia
338 ## - TIPO DE SOPORTE
Nombre/término del tipo de soporte volumen
Código del tipo de soporte nc
Fuente rdacarrier
500 ## - NOTA GENERAL
Nota general Incluye índice alfabético.
500 ## - NOTA GENERAL
Nota general Edición auspiciada por el Ayuntamiento de Monte Plata, Provincia de Monseñor de Meriño, República Dominicana.
590 ## - NOTA LOCAL (RLIN)
Nota local Inventariado, 2025 /LP
650 #4 - PUNTO DE ACCESO ADICIONAL DE MATERIA--TÉRMINO DE MATERIA
Término de materia o nombre geográfico como elemento de entrada Ciudades y pueblos
Subdivisión geográfica República Dominicana
9 (RLIN) 784
651 #4 - PUNTO DE ACCESO ADICIONAL DE MATERIA--NOMBRE GEOGRÁFICO
Nombre geográfico Monte Plata (República Dominicana{Rpara}
Subdivisión general Historia Local
9 (RLIN) 33193
651 #4 - PUNTO DE ACCESO ADICIONAL DE MATERIA--NOMBRE GEOGRÁFICO
Nombre geográfico Monte Plata (República Dominicana{Rpara}
Subdivisión general Vida Social Y Costumbres
9 (RLIN) 33194
910 ## - DATOS DE OPCIÓN DEL USUARIO (OCLC)
Datos de opción del usuario Validado. Control de calidad BNPHU
942 ## - ELEMENTOS DE PUNTO DE ACCESO ADICIONAL (KOHA)
Fuente del sistema de clasificación o colocación Dewey Decimal Classification
Tipo de ítem Koha Libro
Holdings
Estado de retiro Estado de pérdida Fuente del sistema de clasificación o colocación Restricciones de uso No para préstamo Código de colección Localización permanente Ubicación/localización actual Ubicación en estantería Fecha de adquisición Total de préstamos Signatura topográfica completa Código de barras Fecha visto por última vez Precio válido a partir de Tipo de ítem Koha
    Dewey Decimal Classification Excluido de préstamo   Patrimonio Dominicano Raros y Valiosos Biblioteca Nacional Pedro Henríquez Ureña Biblioteca Nacional Pedro Henríquez Ureña Depósito 05.04.2011   BNPHU PD-RV 972.9377 M738h 27851-10 25.06.2020 25.06.2020 Libro

Powered by Koha